[Event "IECC O-4453"]
[Site "IECC email"]
[Date "2016.12.18"]
[Round "?"]
[White "Holanda, Dogeval Ferreira"]
[Black "Walker, John T"]
[Result "1-0"]
[WhiteElo "2104"]
[BlackElo "1969"]
[PlyCount "109"]
[EventDate "2016.??.??"]
[EventType "swiss (corr)"]
[EventRounds "2"]
[SourceTitle "Corr 2020"]
[Source "ChessBase"]
[SourceDate "2019.09.30"]
[SourceVersion "1"]
[SourceVersionDate "2019.09.30"]
[SourceQuality "1"]
[WhiteTeam "Brazil"]
[BlackTeam "England"]
[WhiteTeamCountry "BRA"]
[BlackTeamCountry "ENG"]

1. d4 Nf6 2. c4 g6 3. Nc3 Bg7 4. e4 d6 5. Nf3 c5 6. d5 0-0 7. Bd3 Bg4 8. h3 Bxf3 9. Qxf3 Nbd7 10. Bc2 Qa5 11. Bd2 Ne8 12. 0-0 a6 13. a4 Bd4 14. Qd1 Qc7 15. a5 Nef6 16. Ra2 Rfe8 17. Ne2 e6 18. Bc1 Rac8 19. b3 e5 20. Bd2 Kg7 21. Qc1 Ng8 22. Bd3 Qd8 23. Kh1 h6 24. f3 Rc7 25. b4 Qf6 26. b5 Qe7 27. Bc2 Ra8 28. b6 Rcc8 29. Ra3 Rf8 30. g4 Kh7 31. Kg2 Rfd8 32. Qe1 Rac8 33. h4 Kg7 34. g5 Bb2 35. Ra2 Bd4 36. Qg3 h5 37. Ba4 Kh8 38. Qh3 Kh7 39. Ra3 Kg7 40. Rb3 Kh8 41. Rbb1 Kh7 42. Rbd1 Bb2 43. Nc3 f6 44. Ne2 Ra8 45. Bc2 Rab8 46. f4 exf4 47. Nxf4 Ne5 48. Ne6 Rf8 49. gxf6 Rxf6 50. Bg5 Nd7 51. e5 Bxe5 52. Bxf6 Ngxf6 53. Qe3 Nf8 54. Qg5 Kh8 55. Nxf8 1-0

[Event "IECC M1-2016.T046"]
[Site "IECC email"]
[Date "2016.10.27"]
[Round "?"]
[White "Walker, John T"]
[Black "Ng, Willy C"]
[Result "0-1"]
[WhiteElo "1991"]
[BlackElo "1653"]
[PlyCount "28"]
[EventDate "2016.??.??"]
[EventType "match (corr)"]
[EventRounds "2"]
[SourceTitle "Corr 2020"]
[Source "ChessBase"]
[SourceDate "2019.09.30"]
[SourceVersion "1"]
[SourceVersionDate "2019.09.30"]
[SourceQuality "1"]
[WhiteTeam "England"]
[BlackTeam "Philippines"]
[WhiteTeamCountry "ENG"]
[BlackTeamCountry "PHI"]

1. b4 e5 2. Bb2 d6 3. Nc3 g6 4. Nf3 Bg7 5. e3 Nc6 6. b5 Nce7 7. e4 Nf6 8. Bd3 0-0 9. 0-0 Nh5 10. Bc4 Nf4 11. Ne2 Nh5 12. d4 Bg4 13. Qd3 d5 14. exd5 Nxd5 0-1

[Event "IECC O-4153"]
[Site "IECC email"]
[Date "2015.12.29"]
[Round "?"]
[White "Mauro, Danilo"]
[Black "Walker, John T"]
[Result "1-0"]
[WhiteElo "1896"]
[BlackElo "2034"]
[PlyCount "97"]
[EventDate "2015.??.??"]
[EventType "swiss (corr)"]
[EventRounds "2"]
[SourceTitle "Corr 2020"]
[Source "ChessBase"]
[SourceDate "2019.09.30"]
[SourceVersion "1"]
[SourceVersionDate "2019.09.30"]
[SourceQuality "1"]
[WhiteTeam "Italy"]
[BlackTeam "England"]
[WhiteTeamCountry "ITA"]
[BlackTeamCountry "ENG"]

1. e4 e5 2. Nf3 Nc6 3. d4 exd4 4. Nxd4 Bc5 5. Nb3 Bb6 6. Nc3 Nf6 7. Qe2 0-0 8. Bg5 h6 9. Bh4 a5 10. a4 Nd4 11. Qd3 Nxb3 12. cxb3 Re8 13. 0-0-0 c6 14. Qc2 Qe7 15. Bc4 d6 16. Rhe1 Rb8 17. e5 dxe5 18. f4 Be6 19. fxe5 Qc7 20. Bxe6 Rxe6 21. exf6 Qf4+ 22. Kb1 Qxh4 23. Rxe6 fxe6 24. fxg7 Rd8 25. Rf1 Qh5 26. Rf6 Bd4 27. Rxe6 Bxc3 28. bxc3 Qxh2 29. Qe2 Qf4 30. Re7 Qf5+ 31. Kb2 b5 32. Re8+ Rxe8 33. Qxe8+ Kxg7 34. Qxc6 bxa4 35. bxa4 h5 36. Kb3 Qb1+ 37. Kc4 Qb2 38. Qf3 Kg6 39. Kc5 Kg5 40. Kc6 h4 41. Qd5+ Kg6 42. c4 Qb4 43. Qb5 Qd2 44. Qb1+ Kg5 45. Qe4 Qb4 46. Qc2 Qe1 47. c5 Qb4 48. Kd5 Qb7+ 49. c6 1-0

[Event "IECC O-4118"]
[Site "IECC email"]
[Date "2015.11.15"]
[Round "?"]
[White "Hervas, Fernando"]
[Black "Walker, John T"]
[Result "1-0"]
[WhiteElo "1976"]
[BlackElo "2053"]
[PlyCount "69"]
[EventDate "2015.??.??"]
[EventType "swiss (corr)"]
[EventRounds "2"]
[SourceTitle "Corr 2020"]
[Source "ChessBase"]
[SourceDate "2019.09.30"]
[SourceVersion "1"]
[SourceVersionDate "2019.09.30"]
[SourceQuality "1"]
[WhiteTeam "Spain"]
[BlackTeam "England"]
[WhiteTeamCountry "ESP"]
[BlackTeamCountry "ENG"]

1. e4 e5 2. Nf3 Nc6 3. Bb5 Nf6 4. 0-0 Nxe4 5. d4 Nd6 6. Bxc6 dxc6 7. dxe5 Nf5 8. Qxd8+ Kxd8 9. Nc3 Ke8 10. h3 Be6 11. g4 Ne7 12. Ng5 Bc8 13. Kg2 h5 14. f3 Ng6 15. Re1 hxg4 16. fxg4 Bb4 17. Bd2 Be6 18. Nce4 Be7 19. Nxe6 fxe6 20. Ng5 Rd8 21. Be3 Bxg5 22. Bxg5 Rd5 23. Rad1 Rf8 24. Rxd5 cxd5 25. h4 Nh8 26. h5 c5 27. Kg3 Nf7 28. Bd2 Nd8 29. h6 gxh6 30. Bxh6 Rf7 31. Rh1 Nc6 32. Bf4 d4 33. Rh6 Kd7 34. b3 Nb4 35. g5 1-0

[Event "IECC M1-2015.T014"]
[Site "IECC email"]
[Date "2015.05.25"]
[Round "?"]
[White "Walker, John T"]
[Black "Ng, Willy C"]
[Result "1-0"]
[WhiteElo "2012"]
[BlackElo "1660"]
[PlyCount "71"]
[EventDate "2015.??.??"]
[EventType "match (corr)"]
[EventRounds "2"]
[SourceTitle "Corr 2020"]
[Source "ChessBase"]
[SourceDate "2019.09.30"]
[SourceVersion "1"]
[SourceVersionDate "2019.09.30"]
[SourceQuality "1"]
[WhiteTeam "England"]
[BlackTeam "Philippines"]
[WhiteTeamCountry "ENG"]
[BlackTeamCountry "PHI"]

1. Nf3 c5 2. e4 Nc6 3. Bb5 Nf6 4. e5 Nd5 5. Nc3 Nc7 6. Bxc6 dxc6 7. d3 g6 8. Ne4 Ne6 9. Be3 b6 10. a4 a5 11. Qd2 h6 12. h3 Bg7 13. 0-0 Qc7 14. Rfe1 Bb7 15. Ra3 Rd8 16. Rb3 Ba6 17. Qc1 Rb8 18. Rc3 Rd8 19. Rb3 Rb8 20. Ra3 Rd8 21. Rb3 Rb8 22. c4 Rd8 23. h4 Rd7 24. Ng3 Qd8 25. Qc2 0-0 26. h5 Nd4 27. Bxd4 cxd4 28. c5 b5 29. e6 Rd5 30. exf7+ Rxf7 31. hxg6 Rf6 32. Nh4 b4 33. Qc1 Qf8 34. Re4 Rxf2 35. Qe1 Rf4 36. Rxe7 1-0